The Changing scenario of rubber smallholders (Record no. 70501)

MARC details
000 -LEADER
fixed length control field 00434nam a2200121Ia 4500
100 ## - MAIN ENTRY--AUTHOR NAME
Personal name Bhg Y
245 #4 - TITLE STATEMENT
Title The Changing scenario of rubber smallholders
260 ## - PUBLICATION, DISTRIBUTION, ETC. (IMPRINT)
Name of publisher The Progress and Development of Rubber Small Holders: Proceedings of the Ninth Seminar, 9-11 November 2005, Cochin, India. pp. 25-33.
650 ## - SUBJECT ADDED ENTRY--TOPICAL TERM
Topical Term Rubber smallholders
700 ## - ADDED ENTRY--PERSONAL NAME
Personal name Lunjew Michael Dosim
942 ## - ADDED ENTRY ELEMENTS (KOHA)
Koha item type Journals
Holdings
Withdrawn status Lost status Damaged status Not for loan Home library Current library Shelving location Date acquired Koha item type
      Journals RRII Library RRII Library Agricultural economics 17/12/2021 Journals